Maddie and Tae - Die From A Broken Heart Lyrics - Statistics

General Stats
  • This quiz has been taken 171 times
  • The average score is 242 of 286
Answer Stats
Lyric % Correct
a
100%
a
100%
A
100%
do
100%
he
100%
of
100%
how
99%
How
99%
you
99%
You
99%
get
97%
I
97%
momma
97%
Momma
97%
to
97%
the
96%
dress
95%
out
95%
red
95%
stain
95%
your
95%
broken
94%
can
94%
Can
94%
die
94%
favorite
94%
heart
94%
Hey
94%
hey
94%
from
92%
me
92%
night
92%
at
91%
go
91%
guy
91%
sleep
91%
this
91%
wine
91%
does
90%
leave
90%
and
89%
And
89%
It
89%
it
89%
my
89%
so
89%
nerve
87%
be
85%
come
85%
don't
85%
in
84%
off
84%
stay
84%
case
82%
easy
82%
got
82%
one
82%
pillow
82%
too
82%
Am
81%
daddy
81%
gonna
81%
alright
80%
Black
80%
door
80%
mascara
78%
slammed
78%
days
77%
hard
77%
many
77%
few
76%
close
75%
now
75%
last
73%
myself
73%
next
73%
right
73%
tell
73%
falling
72%
if
72%
weekend
72%
that
71%
ask
70%
drawer
70%
for
70%
pistol
70%
front
68%
headache
68%
look
68%
keep
67%
kick
67%
or
67%
he's
65%
laugh
65%
maybe
65%
see
65%
Cure
63%
say
63%
time
63%
way
63%
please
62%
about
61%
away
61%
didn't
61%
ever
61%
I'm
59%
drove
58%
him
58%
wanna
57%
won't
57%
crying
56%
someday
56%
blind
52%
everything
52%
promise
52%
dark
51%
give
49%
feel
48%
knees
47%
praying
47%
like
46%
real
46%
Was
44%
just
41%
really
41%
No matching quizzes found
Score Distribution
Percent of People with Each Score
Percentile by Number Answered
Your Score History
You have not taken this quiz